• 首页
  • 本馆介绍
  • 公告通知
  • 最新文献
  • 馆藏检索
  • 电子资源
  • 读者导购
  • 参考咨询
  • 我的图书馆
  • 登录
  • 详细信息显示
  • 放入我的书架
  • 预约/预借图书
  • 作者相关作品
  • 分类相关作品
  • 丛书相关作品
  • 出版社相关作品

书目信息

  • 表格格式
  • 工作单格式
  • 卡片格式
题名:
全息高分子材料
    
 
作者: 解孝林 , 彭海炎 , 倪名立 著
分册:  
出版信息: 北京   科学出版社  2020
页数: 10,185页
开本: 24cm
丛书名: 高性能高分子材料丛书
单 册:
中图分类: TB324
科图分类:
主题词: 高分子材料--研究
电子资源:
ISBN: 978-7-03-065239-3
000 01490nam0 2200301 450
001 2240334991
005 20220921111234.65
010    @a978-7-03-065239-3@dCNY149.00
100    @a20200928d2020 em y0chiy50 ea
101 0  @achi
102    @aCN@b110000
105    @aa az 001yy
200 1  @a全息高分子材料@9quan xi gao fen zi cai liao@f解孝林,彭海炎,倪名立著
210    @a北京@c科学出版社@d2020
215    @a10,185页@c图@d24cm
225 1  @a高性能高分子材料丛书@f蹇锡高主编
300    @a“十三五”国家重点出版物出版规划项目
314    @a解孝林,男,华中科技大学教授、博士生导师等。
320    @a有书目和索引(第182-185页)
330    @a本书为“高性能高分子材料丛书”之一。全息高分子材料属高分子科学与光学、材料学的交叉领域,是化学和材料科学的研究前沿。全书共分8章。首先简要介绍全息技术及其在三维显示、高密度数据存储、全息防伪等高新技术领域的应用,重点介绍典型的全息记录材料及其主要性能参数。然后从材料制备原理、组成、结构与性能调控、应用与展望等方面,系统介绍模压全息高分子材料、全息光折变高分子材料、全息高分子/液晶复合材料、全息高分子/纳米粒子复合材料、全息高分子/液晶/纳米粒子复合材料、二阶反应型全息高分子材料,最后对含枝状高分子、离子液体、锂盐、二炔、杜瓦苯和光致异构分子的新型全息高分子材料进行展望。
461  0 @12001 @a高性能高分子材料丛书
606 0  @a高分子材料@x研究
690    @aTB324@v5
701  0 @a解孝林@9jie xiao lin@4著
701  0 @a彭海炎@9peng hai yan@4著
701  0 @a倪名立@9ni ming li@4著
801  0 @aCN@b91MARC@c20200928
905    @aZUCC@dTB324@e4
    
    全息高分子材料/解孝林,彭海炎,倪名立著.-北京:科学出版社,2020
    10,185页:图;24cm.-(高性能高分子材料丛书/蹇锡高主编)
    “十三五”国家重点出版物出版规划项目
    
    ISBN 978-7-03-065239-3:CNY149.00
    本书为“高性能高分子材料丛书”之一。全息高分子材料属高分子科学与光学、材料学的交叉领域,是化学和材料科学的研究前沿。全书共分8章。首先简要介绍全息技术及其在三维显示、高密度数据存储、全息防伪等高新技术领域的应用,重点介绍典型的全息记录材料及其主要性能参数。然后从材料制备原理、组成、结构与性能调控、应用与展望等方面,系统介绍模压全息高分子材料、全息光折变高分子材料、全息高分子/液晶复合材料、全息高分子/纳米粒子复合材料、全息高分子/液晶/纳米粒子复合材料、二阶反应型全息高分子材料,最后对含枝状高分子、离子液体、锂盐、二炔、杜瓦苯和光致异构分子的新型全息高分子材料进行展望。
●
相关链接 在五车中查询图书 在当当中查询图书 在豆瓣中查询图书


正题名:全息高分子材料     索取号:TB324/4         预约/预借

序号 登录号 条形码 馆藏地/架位号 状态 备注
1 2000899984   2000899984   第三书库/ [索取号:TB324/4] 在馆    
2 2000899985   2000899985   第三书库/ [索取号:TB324/4] 在馆    
3 2000899986   2000899986   第三书库/ [索取号:TB324/4] 在馆    
山东省滨州职业学院图书馆 欢迎您!
大连网信软件有限公司© 版权所有